Artista más escuchados en Spotify España - Estadísticas

Estadísticas generales
  • Esta prueba ha sido intentada 11 veces
  • La puntuación promedio es 19 de 84
Estadísticas de respuestas
Hint Respuesta % Correcto
Puerto Rico Bad Bunny
90%
España Quevedo
80%
España Rosalía
80%
España Aitana
70%
Argentina Emilia
70%
Argentina TINI
70%
Puerto Rico Daddy Yankee
60%
Argentina Duki
60%
Colombia Karol G
60%
Puerto Rico Anuel aa
50%
España Bad Gyal
40%
Argentina Bizarrap
40%
Corea del Sur BTS
40%
España C Tangana
40%
Colombia J Balvin
40%
Argentina Maria Becerra
40%
USA Taylor Swift
40%
Colombia Beele
30%
Colombia Feid
30%
Canadá Justin Bieber
30%
Puerto Rico Mora
30%
España Morad
30%
Colombia Morat
30%
España Natos y Waor
30%
España Rels B
30%
España Saiko
30%
Panamá Sech
30%
Colombia Shakira
30%
Puerto Rico Arcangel
20%
Chile Cris MJ
20%
Puerto Rico Dei V
20%
España Delaossa
20%
España Dellafuente
20%
Puerto Rico Jhayco
20%
USA Justin Quiles
20%
Colombia Kapo
20%
España La Pantera
20%
Colombia Maluma
20%
España Melendi
20%
USA Olivia Rodrigo
20%
Puerto Rico Omar Courtz
20%
España Omar Montes
20%
México Peso Pluma
20%
Puerto Rico Rauw Alejandro
20%
Colombia Sebastian Yatra
20%
Argentina Trueno
20%
USA Ariana Grande
10%
Puerto Rico Bryant Myers
10%
España Cano
10%
Puerto Rico Clarent
10%
España Cruz Cafune
10%
Canadá Drake
10%
Puerto Rico Eladio Carrion
10%
España Extremoduro
10%
UK Harry Styles
10%
España JC Reyes
10%
Puerto Rico Lenny Tavarez
10%
España Lucho RK
10%
Colombia Manuel Turizo
10%
Puerto Rico Myke Towers
10%
Puerto Rico Ñengo Flow
10%
Puerto Rico Ozuna
10%
Puerto Rico Romeo Santos
10%
Puerto Rico Tainy
10%
Canadá The Weeknd
10%
Puerto Rico Yandel
10%
Venezuela Alleh
0%
España Benny Jr
0%
USA Billie Eilish
0%
Colombia Camilo
0%
Puerto Rico Chencho Corleone
0%
UK Coldplay
0%
Puerto Rico De La Rose
0%
UK Ed Sheeran
0%
España Estopa
0%
Puerto Rico Farruko
0%
España Hijos de la Ruina
0%
España Leiva
0%
Puerto Rico Luar La R
0%
Argentina Milo J
0%
España Recycled J
0%
España RVFV
0%
Puerto Rico Yan Block
0%
Venezuela Yogharki
0%
No se encontraron pruebas coincidentes
Distribución de puntuación
Porcentaje de gente con cada puntuación
Porcentaje por número respondido
Historial de tus puntuaciones
No has intentado esta prueba.